000 00555nam a2200181Ia 4500
005 20250326143121.0
008 250326s9999 xx 000 0 und d
037 _aTextbook
040 _aFMSL
_beng
_cFMSL
041 _aeng
_2eng
084 _aG:55.4 N7
_qFMSL
100 _aHowes R
_9747152
245 0 _aClean and Competitive?: motivating environmental performance in industry
_cHowes R; Skea J
260 _aLondon
_bLondon, Earthscan Publications Ltd.
_c1997
300 _a194p
942 _cTB
_hG:55.4 N7
999 _c1298168
_d1298168